000 01148nam0a22002771 4500
001 rc\2176116
005 20250623054816.0
035 _a(NLR Aleph) 006606926
090 _a7307946
_c7307946
100 _a20110829d1979 |||y0rusy50 ca
101 0 _arus
102 _aRU
105 _aa z |||||
200 1 _aОленекское месторождение битумов
_eГеол. строение и условия формирования
210 _aЛенинград
_cНедра. Ленингр. отд-ние
_d1979
215 _a104 с.
_cил.
_d22
225 1 _aТруды
_fНИИ геологии Арктики, Науч.-произв. об-ние "Севморгео"
_vТ. 182
300 _aВ надзаг. также: М-во геологии СССР
320 _aБиблиогр.: с. 98-103
700 1 _7ca
_8rus
_aИванов
_bВ. Л.
_cд-р геол.-минерал. наук, литератор
_f1932-2018
_gВладимир Леонидович
_9260578
_3RU\NLR\AUTH\770260634
801 0 _aRU
_bNLR
_gpsbo
801 1 _aRU
_bELAR
_2rusmarc
852 _aNLR
_jП8/247
942 _cBOOK
980 _aNB